000 00683nam a2200241Ia 4500
003 OSt
005 20220924131648.0
006 a|||||r|||| 00| 0
007 ta
008 220923b |||||||| |||| 00| 0 san d
024 _a74212
037 _cTextual
040 _aARTS
_cARTS
_bsan
041 _2san
_asan
082 _aR64x1,1,1b, 15M4
100 _aJacob J A
_9202521
245 0 _aIndex to Sabra-bhasya ed by Gaurinath Sastri
260 _aVaranasi
_bSampurnanand Sanskrit Vishvavidyalaya
_c1984
300 _a141p.
_ccm.
650 _aPURVA MIMAMSA PHILOSOPHY
942 _hR64x1,1,1b, 15M4
_cTEXL
_2CC
999 _c427755
_d427755